00617nam a2200157 a 450000100100000000500170001000800410002704000250006810000260009324500460011926000410016530000200020695201050022695201110033199900170044200004379020201002044952.0140430s199u dr 000 0 spa d aDO-SdBNPbspacBNPHU1 aSilverio, Luis97162610aReflejos de mil amores. /cLuis Silverio. a[Santo Domingo], :b[s.f.],c[199?]. a69 p. ;c26 cm. 0010718PDaPDbPDcHDd2014-04-30iLF1l0o p43790-10r2020-06-25w2020-06-25yLFPDZNo se presta 0010718PDaPDbPDcHDd2018-03-26iLF1l0o p43790-20r2020-06-25te. 2w2020-06-25yLFPDZNo se presta c43279d43279